THE NATURE AND PROPERTIES OF SOILS (Record no. 216616)

MARC details
000 -LEADER
fixed length control field 00532nam a22001937a 4500
008 - FIXED-LENGTH DATA ELEMENTS--GENERAL INFORMATION
fixed length control field 260224b |||||||| |||| 00| 0 eng d
020 ## - INTERNATIONAL STANDARD BOOK NUMBER
International Standard Book Number 978-1 -2921-6223--2
050 ## - LIBRARY OF CONGRESS CALL NUMBER
Classification number S 591.W45 2017
100 ## - MAIN ENTRY--PERSONAL NAME
Personal name WEIL.R RAY
245 ## - TITLE STATEMENT
Title THE NATURE AND PROPERTIES OF SOILS
250 ## - EDITION STATEMENT
Edition statement 15TH EDITION
260 ## - PUBLICATION, DISTRIBUTION, ETC.
Place of publication, distribution, etc. HARLOW
Name of publisher, distributor, etc. PEARSON EDUCATION
Date of publication, distribution, etc. 2017
300 ## - PHYSICAL DESCRIPTION
Extent INCLUDES APPENDIX GLOSSARY INDEX
500 ## - GENERAL NOTE
General note 1104P
650 ## - SUBJECT ADDED ENTRY
Topical term or geographic name entry element NATURE AND PROPERTIES OF SOILS
700 ## - ADDED ENTRY--PERSONAL NAME
Personal name BRADY,NYLE C
942 ## - ADDED ENTRY ELEMENTS (KOHA)
Source of classification or shelving scheme Library of Congress Classification
Koha item type Long Loan Book
Holdings
Withdrawn status Lost status Source of classification or shelving scheme Damaged status Not for loan Collection Home library Current library Shelving location Date acquired Inventory number Total checkouts Full call number Barcode Date last seen Copy number Price effective from Koha item type
    Library of Congress Classification     Science & Technology Kisii University Library Kisii University Library On Display 02/24/2026 111281   S 591.W45 2017 A001217 02/24/2026 1 02/24/2026 Long Loan Book
    Library of Congress Classification     Science & Technology Kisii University Library Kisii University Library On Display 02/24/2026 111282   S 591.W45 2017 A001215 02/24/2026 2 02/24/2026 Long Loan Book
    Library of Congress Classification     Science & Technology Kisii University Library Kisii University Library On Display 02/24/2026 111283   S 591.W45 2017 A001218 02/24/2026 3 02/24/2026 Long Loan Book
    Library of Congress Classification     Science & Technology Kisii University Library Kisii University Library On Display 02/24/2026 111284   S 591.W45 2017 A001223 02/24/2026 4 02/24/2026 Long Loan Book
    Library of Congress Classification     Science & Technology Kisii University Library Kisii University Library On Display 02/24/2026 111285   S 591.W45 2017 A001224 02/24/2026 5 02/24/2026 Long Loan Book